Welcome to the Holygrace Academy Library

Please use search bar below to get started

THE REVENGE OF CAPTAIN BLOOD (Record no. 6622)

MARC details
000 -LEADER
fixed length control field 00582nam a22001457a 4500
020 ## - INTERNATIONAL STANDARD BOOK NUMBER
ISBN 978-0-19-848669-5
082 ## - DEWEY DECIMAL CLASSIFICATION NUMBER
Classification number 823
Item number SHI/R
100 ## - MAIN ENTRY--AUTHOR NAME
Personal name SHIPTON, PAUL
245 ## - TITLE STATEMENT
Title THE REVENGE OF CAPTAIN BLOOD
260 ## - PUBLICATION, DISTRIBUTION, ETC. (IMPRINT)
Place of publication LONDON
Name of publisher OXFORD UNIVERSITY PRESS
Year of publication 1998
300 ## - PHYSICAL DESCRIPTION
Number of Pages 56
520 ## - SUMMARY, ETC.
Summary, etc The ghost of Captain Blood contacts Mark because he needs some help -- his reputation as a fierce pirate is being tarnished by a professor who has been studying his life. It turns out the professor and a couple of thugs are after Captain Blood's treasure.
650 ## - SUBJECT ADDED ENTRY--TOPICAL TERM
Topical Term SHORT STORY
942 ## - ADDED ENTRY ELEMENTS (KOHA)
Koha item type Books
Holdings
Withdrawn status Lost status Collection code Home library Current library Shelving location Date acquired Source of acquisition Full call number Accession Number Koha item type
    Fiction Main Library Main Library SHELF 15-L-CHILDREN'S STORYBOOKS 05/11/2019 Purchase 823 SHI/R 11877 Books